书目信息 |
| 题名: |
建设工程项目管理与案例解析
|
|
| 作者: | 张桦 , 朱盛波 主编 | |
| 分册: | ||
| 出版信息: | 上海 同济大学出版社 2008.03 |
|
| 页数: | 181页 | |
| 开本: | 26cm | |
| 丛书名: | 现代设计集团丛书 | |
| 单 册: | ||
| 中图分类: | F284 | |
| 科图分类: | ||
| 主题词: | 基本建设项目--ji ben jian she xiang mu--项目管理 | |
| 电子资源: | ||
| ISBN: | 978-7-5608-3741-3 | |
| 000 | 00969nam 2200265 450 | |
| 001 | 012009905551 | |
| 005 | 20090918135252.29 | |
| 010 | @a978-7-5608-3741-3@dCNY45.00 | |
| 100 | @a20090918d2008 em y0chiy0120 ea | |
| 101 | 0 | @achi |
| 102 | @aCN@b310000 | |
| 105 | @aak z 000yy | |
| 106 | @ar | |
| 200 | 1 | @a建设工程项目管理与案例解析@Ajian she gong cheng xiang mu guan li yu an li jie xi@f张桦, 朱盛波主编@Fzhang hua,zhu sheng bo zhu bian |
| 210 | @a上海@c同济大学出版社@d2008.03 | |
| 215 | @a181页@c图@d26cm | |
| 225 | 2 | @a现代设计集团丛书@Axian dai she ji ji tuan cong shu |
| 330 | @a本书内容包括:绪论,全过程项目管理服务,设计项目管理,总承包管理,项目管理在工程建设中的应用,附录。 | |
| 410 | 0 | @12001 @a现代设计集团丛书 |
| 606 | 0 | @a基本建设项目@Aji ben jian she xiang mu@x项目管理 |
| 690 | @aF284@v4 | |
| 701 | 0 | @a张桦@Azhang hua@4主编 |
| 701 | 0 | @a朱盛波@Azhu sheng bo@4主编 |
| 801 | 0 | @aCN@bQSSK@c20090918 |
| 905 | @b755402-06@dF284@eZ110@f5 | |
| 建设工程项目管理与案例解析/张桦, 朱盛波主编.-上海:同济大学出版社,2008.03 |
| 181页:图;26cm.-(现代设计集团丛书) |
| ISBN 978-7-5608-3741-3:CNY45.00 |
| 本书内容包括:绪论,全过程项目管理服务,设计项目管理,总承包管理,项目管理在工程建设中的应用,附录。 |
| ● |
| 相关链接 |
|
|
|
正题名:建设工程项目管理与案例解析
索取号:F284/Z110
 
预约/预借
| 序号 | 登录号 | 条形码 | 馆藏地/架位号 | 状态 | 备注 |
| 1 | 755402 | 207554029 | 社科库409/422社科库 47排1列4层/ [索取号:F284/Z110] | 在馆 | |
| 2 | 755403 | 207554038 | 社科库409/409社科库 46排1列5层/ [索取号:F284/Z110] | 在馆 | |
| 3 | 755404 | 207554047 | 社科库409/409社科库 46排1列5层/ [索取号:F284/Z110] | 在馆 | |
| 4 | 755405 | 207554056 | 社科库409/409社科库 103排2列1层/ [索取号:F284/Z110] | 在馆 | |
| 5 | 755406 | 207554065 | 社科库409/409社科库 103排2列1层/ [索取号:F284/Z110] | 在馆 |